1502 1220 1541 1406 1848 1490 1369 1784 1564 1978 1006 1912 1114 1459 1946 1639 1858 1628 1682 1062 1111 1340 1334 1883 1090 1557 1413 1594 1483 1420 1670 1877 1918 1927 1538 1129 1542 1129 1593 1776 1872 1781 1802 1812 1427 1714 1291 1625 1093 1809 1541 1281 1407 1960 1422 1684 1068 1578 1838 1154 1621 1361 1458 1121 1537 1183 1869 1161 1876 1276 1857 1592 1423 1795 1560 1526 1818 1093 1873 1827 1145 1488 1476 1290 1771 1650 1525 1552 1412 1209 1295 1153 1622 1389 1462 1905 1226 1623 1041 BCNSPRNW ULIB Ver.6.0+V

เปลี่ยนเป็นภาษาไทย

Change to English
 แสดงรายละเอียดบรรณานุกรม
  กลับหน้าหลัก

Brief Record : Get Marc (ISO 2709) : E-mail record : QR code < ปิดหน้าต่าง
LEADER : 00000nam 2200000uu 4500
001    13399125216
003     ULIB
008    161117s2558||||th 000 0 tha d
020    ^a9786161126285
060  4 ^aWA310^bส426ป
110 1  ^aำนักงานเขตสุขภาพที่ 2
245 00 ^aประชุมวิชาการอนามัยแม่และเด็กระดับเขตสุขภาพที่ 2 ประจำปีงบประมาณ 2558 =^bHappy Baby healthy mom/^cสำนักงานเขตสุขภาพที่ 2
246 0  ^aMaternal and Child Health and Family Planning
250    ^aพิมพ์ครั้งที่ 11
260    ^aกรุงเทพ:^bสำนักงานเขตสุขภาพที่ 2,^c2558
300    ^a42
650  7 ^aประชุม^xอนามัยแม่และเด็ก
650  7 ^aระดับเขต^xประจำปีงบประมาณ 2558
945    ^p0^l0^i001522
945    ^p0^l0^i001523
945    ^p0^l0^i001524
945    ^p0^l0^i001525
945    ^p0^l0^i001526
999    ^aวรรณษา ชูชัยมงคล
รายการนี้ยังไม่มีแท็ก
คุณยังไม่ได้ล็อกอิน คุณสามารถมีกิจกรรมร่วมกับเว็บไซต์ได้ แต่ต้องล็อกอินก่อน ::
  ล็อกอิน

รายการสื่อสารสนเทศ

ลำดับที่ ประเภท เลขเรียก/บาร์โค้ด สถานที่ สถานะ
1. การศึกษาทั่วไป
การศึกษาทั่วไป
สถานะ=หนังสือเก่า
WA310 ส426ป ฉ.1 
  Barcode: 001522
ห้องสมุดวิทยาเขตสวรรค์ประชารักษ์
►ส่วนจัดเก็บหนังสือเก่า สปร
บนชั้น
  ขอยืม
2. การศึกษาทั่วไป
การศึกษาทั่วไป
สถานะ=หนังสือเก่า
WA310 ส426ป ฉ.2 
  Barcode: 001523
ห้องสมุดวิทยาเขตสวรรค์ประชารักษ์
►ส่วนจัดเก็บหนังสือเก่า สปร
บนชั้น
  ขอยืม
3. การศึกษาทั่วไป
การศึกษาทั่วไป
สถานะ=หนังสือเก่า
WA310 ส426ป ฉ.3 
  Barcode: 001524
ห้องสมุดวิทยาเขตสวรรค์ประชารักษ์
►ส่วนจัดเก็บหนังสือเก่า สปร
บนชั้น
  ขอยืม
4. การศึกษาทั่วไป
การศึกษาทั่วไป
สถานะ=หนังสือเก่า
WA310 ส426ป ฉ.4 
  Barcode: 001525
ห้องสมุดวิทยาเขตสวรรค์ประชารักษ์
►ส่วนจัดเก็บหนังสือเก่า สปร
บนชั้น
  ขอยืม
5. การศึกษาทั่วไป
การศึกษาทั่วไป
สถานะ=หนังสือเก่า
WA310 ส426ป ฉ.5 
  Barcode: 001526
ห้องสมุดวิทยาเขตสวรรค์ประชารักษ์
►ส่วนจัดเก็บหนังสือเก่า สปร
บนชั้น
  ขอยืม

BibComment


ยังไม่เคยถูกคอมเมนท์

คอมเมนท์ทรัพยากรรายการนี้
  คอมเมนท์: ประชุมวิชาการอนา..


 Copyright 2026. Bcnsprnw @Library